000 00602nam a2200217Ia 4500
003 OSt
005 20220928150031.0
006 a|||||r|||| 00| 0
007 ta
008 220927b |||||||| |||| 00| 0 eng d
024 _a86661
037 _cTextual
040 _aSDCL
_cSDCL
_beng
041 _2eng
_aeng
082 _aX:8, K4
100 _aRandall Clarence B
_9514957
245 0 _aMaking good in management
_b Reflections on the challenges and opportunities of a business career
260 _c1964
942 _hX:8, K4
_cTEXL
_2CC
999 _c838743
_d838743